[Event "Calgary-ch A"]
[Site "Calgary CAN"]
[Date "2003.02.18"]
[Round "7"]
[White "Nguyen, Kim"]
[Black "Ottosen, David"]
[Result "1/2-1/2"]
[WhiteElo "1970"]
[BlackElo "2035"]
[PlyCount "67"]
[EventDate "2003.01.07"]
[EventType "tourn"]
[EventRounds "7"]
[EventCountry "CAN"]

1. e4 e5 2. Nf3 d5 3. Nc3 d4 4. Ne2 Bd6 5. Ng3 Ne7 6. Bc4 Be6 7. Bxe6 fxe6 8.
d3 h6 9. Nxe5 O-O 10. Nf3 c5 11. O-O Ng6 12. c3 Nc6 13. cxd4 cxd4 14. a3 Qe7
15. b4 Rf7 16. b5 Nce5 17. Nxe5 Bxe5 18. Qh5 Kh7 19. a4 Raf8 20. Ne2 Qc7 21.
Ba3 Rd8 22. g3 Qc2 23. Rfd1 Bb8 24. f4 b6 25. Qf3 Ne5 26. Qh5 Nxd3 27. Qxf7
Qxe2 28. Rxd3 Qxd3 29. Qxe6 Qe3+ 30. Kg2 d3 31. Be7 Rd4 32. Qf5+ Kg8 33. Qf8+
Kh7 34. Qf5+ 1/2-1/2

[Event "Calgary-ch B"]
[Site "Calgary CAN"]
[Date "2003.01.07"]
[Round "1"]
[White "Pivovarov, Juraj"]
[Black "Weis, Rod"]
[Result "1/2-1/2"]
[WhiteElo "1851"]
[BlackElo "1785"]
[PlyCount "45"]
[EventDate "2003.01.07"]
[EventType "tourn"]
[EventRounds "7"]
[EventCountry "CAN"]

1. c4 Nf6 2. g3 c6 3. Bg2 d5 4. cxd5 cxd5 5. Nf3 Nc6 6. d3 Bg4 7. Nbd2 e6 8.
O-O Bd6 9. Re1 O-O 10. a3 Rc8 11. e3 Qc7 12. b4 Ne5 13. Qb3 Qc2 14. Nxe5 Bxe5
15. d4 Bd6 16. e4 dxe4 17. Qxc2 Rxc2 18. Nxe4 Nxe4 19. Bxe4 Rc7 20. Be3 b6 21.
Rac1 Rfc8 22. Rxc7 Rxc7 23. Rc1 1/2-1/2

[Event "Calgary-ch B"]
[Site "Calgary CAN"]
[Date "2003.01.12"]
[Round "2"]
[White "Kuwair, Martin"]
[Black "Pivovarov, Juraj"]
[Result "0-1"]
[WhiteElo "1930"]
[BlackElo "1851"]
[PlyCount "78"]
[EventDate "2003.01.07"]
[EventType "tourn"]
[EventRounds "7"]
[EventCountry "CAN"]

1. e4 e6 2. Nc3 d5 3. d4 Nf6 4. e5 Nfd7 5. Nce2 c5 6. c3 Nc6 7. f4 cxd4 8. Nxd4
Nxd4 9. Qxd4 Bc5 10. Qd3 Qb6 11. Nh3 a5 12. Qg3 g6 13. Bd3 Qc7 14. Ng5 Nf8 15.
h4 h6 16. Nf3 h5 17. Bd2 Bd7 18. b4 axb4 19. cxb4 Be7 20. Ke2 Qb6 21. a3 Bb5
22. Rhc1 Nd7 23. Be3 Qa6 24. Bxb5 Qxb5+ 25. Kd2 O-O 26. Nd4 Bxb4+ 27. axb4
Qxb4+ 28. Kd1 Rxa1 29. Rxa1 Nc5 30. Nc2 Qc3 31. Bxc5 Qxg3 32. Bxf8 Kxf8 33.
Ra8+ Kg7 34. Ra4 Qxg2 35. Rd4 Qh1+ 36. Kd2 Qxh4 37. Kc3 Qg3+ 38. Kb4 h4 39. f5
gxf5 0-1

[Event "Calgary-ch B"]
[Site "Calgary CAN"]
[Date "2003.01.21"]
[Round "3"]
[White "Pivovarov, Juraj"]
[Black "Milne, Arthur"]
[Result "1/2-1/2"]
[WhiteElo "1851"]
[BlackElo "1823"]
[PlyCount "131"]
[EventDate "2003.01.07"]
[EventType "tourn"]
[EventRounds "7"]
[EventCountry "CAN"]

1. e4 c5 2. Nf3 Nf6 3. e5 Nd5 4. c4 Nb4 5. a3 N4c6 6. Nc3 e6 7. d4 cxd4 8. Nb5
a6 9. Qa4 d5 10. cxd5 exd5 11. Nfxd4 Bd7 12. Nd6+ Bxd6 13. exd6 O-O 14. Be3 Qf6
15. Rd1 Qxd6 16. Be2 Ne5 17. Qb3 Bc6 18. O-O Nbd7 19. Rc1 Rfe8 20. Bf4 Qf6 21.
Bg3 Ng6 22. Rfd1 Re4 23. Nxc6 bxc6 24. Bf3 Ree8 25. Qa4 Nde5 26. Be2 Ne7 27. f4
N5g6 28. Bf3 Qxb2 29. Rb1 Qc3 30. Rb7 Nf5 31. Rc7 Nxg3 32. hxg3 Ne7 33. Kh2
Rab8 34. Bxd5 Nxd5 35. Rxd5 Rb3 36. Rg5 h6 37. Rg4 Qe3 38. Qc4 Qe6 39. Qxc6
Qxc6 40. Rxc6 Rxa3 41. Rxh6 Re2 42. Rb6 Raa2 43. Rh4 Rxg2+ 44. Kh3 Rh2+ 45. Kg4
Rxh4+ 46. Kxh4 g6 47. Kg5 Kg7 48. f5 gxf5 49. Kxf5 a5 50. Ra6 a4 51. Kf4 a3 52.
Kf3 f6 53. Ra7+ Kg6 54. Ra6 Ra1 55. Ra5 a2 56. Kg2 f5 57. Ra6+ Kg5 58. Ra5 Kf6
59. Kh2 Ke6 60. Kg2 Kd6 61. g4 fxg4 62. Kh2 Kc6 63. Kg2 Kb6 64. Ra8 g3 65. Ra3
Kb5 66. Ra8 1/2-1/2

[Event "Calgary-ch B"]
[Site "Calgary CAN"]
[Date "2003.01.28"]
[Round "4"]
[White "Harris, Stephen"]
[Black "Pivovarov, Juraj"]
[Result "1-0"]
[WhiteElo "1864"]
[BlackElo "1851"]
[PlyCount "41"]
[EventDate "2003.01.07"]
[EventType "tourn"]
[EventRounds "7"]
[EventCountry "CAN"]

1. c4 Nf6 2. Nc3 e5 3. d3 Bc5 4. g3 Nc6 5. Bg2 O-O 6. Nf3 a6 7. O-O h6 8. a3 d6
9. h3 Nh5 10. e3 f5 11. Nxe5 Nxe5 12. d4 Qe8 13. dxe5 g5 14. b4 Ba7 15. exd6 c6
16. c5 b6 17. cxb6 Bxb6 18. Na4 Bd8 19. Nc5 Ra7 20. Bb2 Raf7 21. Qxh5 1-0

[Event "Calgary-ch B"]
[Site "Calgary CAN"]
[Date "2003.02.05"]
[Round "5"]
[White "Pivovarov, Juraj"]
[Black "Meharg, Bruce"]
[Result "1-0"]
[WhiteElo "1851"]
[BlackElo "1818"]
[PlyCount "115"]
[EventDate "2003.01.07"]
[EventType "tourn"]
[EventRounds "7"]
[EventCountry "CAN"]

1. c4 Nf6 2. g3 c6 3. Bg2 d5 4. Nf3 Bf5 5. b3 e6 6. O-O h6 7. d4 Nbd7 8. Ba3
Bxa3 9. Nxa3 O-O 10. Nc2 Ne4 11. Ne3 Bh7 12. Ng4 Ndf6 13. Nge5 Nc3 14. Qe1 Nfe4
15. Nd3 a5 16. Nc5 b6 17. Nxe4 Nxe4 18. Rc1 Qd6 19. Ne5 f6 20. Nd3 Rae8 21. c5
bxc5 22. Nxc5 Nxc5 23. Rxc5 a4 24. b4 e5 25. Qc1 e4 26. Qf4 Qxf4 27. gxf4 Rb8
28. a3 Rb6 29. Rfc1 Bf5 30. Rxc6 Rxc6 31. Rxc6 Rc8 32. Rc5 Be6 33. e3 Kf7 34.
Bf1 Ra8 35. Bb5 f5 36. Bc6 Rd8 37. Ra5 Rc8 38. b5 g5 39. Rxa4 gxf4 40. exf4
Rg8+ 41. Kf1 Ke7 42. Ra7+ Kd6 43. Rh7 Rg4 44. Rxh6 Rxf4 45. Rh3 Rg4 46. a4 Rg7
47. a5 f4 48. Rc3 f3 49. b6 Bh3+ 50. Ke1 Rg1+ 51. Kd2 Rf1 52. b7 Rxf2+ 53. Kc1
Rf1+ 54. Kb2 Rf2+ 55. Ka3 Kc7 56. Bxd5+ Kb8 57. Bxe4 Be6 58. d5 1-0

[Event "Calgary-ch B"]
[Site "Calgary CAN"]
[Date "2003.02.11"]
[Round "6"]
[White "Cacho, Belly"]
[Black "Pivovarov, Juraj"]
[Result "1-0"]
[WhiteElo "1870"]
[BlackElo "1851"]
[PlyCount "85"]
[EventDate "2003.01.07"]
[EventType "tourn"]
[EventRounds "7"]
[EventCountry "CAN"]

1. Nf3 Nf6 2. d4 g6 3. Bg5 Bg7 4. Bxf6 Bxf6 5. e4 d6 6. h3 O-O 7. Bd3 Nc6 8. c3
e5 9. d5 Ne7 10. O-O Bg7 11. Nh2 f5 12. exf5 gxf5 13. Be2 Ng6 14. g3 e4 15. Nd2
Qe7 16. Nc4 Bd7 17. f4 exf3 18. Bxf3 Qg5 19. Kf2 Bb5 20. Qb3 Ba6 21. Rfe1 Rae8
22. Re6 Ne5 23. h4 Bxc4 24. hxg5 Bxb3 25. axb3 a6 26. Rxe8 Rxe8 27. Be2 Nd7 28.
b4 Bf8 29. Bd3 Nb6 30. c4 Bg7 31. Rb1 Bd4+ 32. Kg2 Re3 33. Rd1 Bxb2 34. c5 Na4
35. cxd6 cxd6 36. Bxf5 b6 37. Ng4 Rb3 38. Nf6+ Bxf6 39. gxf6 Kf7 40. Rf1 h6 41.
Be6+ Kf8 42. Rf4 Nc3 43. Rg4 1-0

[Event "Calgary-ch B"]
[Site "Calgary CAN"]
[Date "2003.02.18"]
[Round "7"]
[White "Pivovarov, Juraj"]
[Black "Bentley, Bill"]
[Result "1/2-1/2"]
[WhiteElo "1851"]
[BlackElo "1879"]
[PlyCount "132"]
[EventDate "2003.01.07"]
[EventType "tourn"]
[EventRounds "7"]
[EventCountry "CAN"]

1. c4 e5 2. g3 g6 3. Bg2 Bg7 4. Nc3 Nc6 5. e4 d6 6. Nge2 Nge7 7. O-O O-O 8. f4
Be6 9. Nd5 Nd4 10. d3 Bg4 11. Ndc3 Qd7 12. Qd2 Nec6 13. Nxd4 Nxd4 14. Qf2 Bh3
15. Nd5 Bxg2 16. Kxg2 c6 17. fxe5 cxd5 18. Qxd4 dxc4 19. dxc4 Qc6 20. Qd5 Qxd5
21. cxd5 Bxe5 22. Bf4 Rfe8 23. Bxe5 Rxe5 24. Kf3 Rae8 25. Rac1 Rxe4 26. Rc7
R8e7 27. Rfc1 Kg7 28. R1c2 g5 29. h3 h5 30. Rxe7 Rxe7 31. b4 a6 32. b5 axb5 33.
Rb2 Kf6 34. Rxb5 Ke5 35. Ke3 f5 36. a4 Rc7 37. Kd3 f4 38. gxf4+ gxf4 39. Rb4
Rf7 40. Ke2 Rg7 41. a5 h4 42. Rb5 Rg3 43. Rxb7 Rxh3 44. a6 Ra3 45. a7 h3 46.
Rh7 Kxd5 47. Rxh3 Rxa7 48. Rd3+ Ke5 49. Kf3 d5 50. Rb3 Rg7 51. Rb8 Rg3+ 52. Kf2
Re3 53. Rf8 Ke4 54. Re8+ Kd3 55. Ra8 d4 56. Ra3+ Ke4 57. Ra8 d3 58. Ra4+ Kf5
59. Rd4 Kg4 60. Rd8 Re2+ 61. Kf1 Kf3 62. Rxd3+ Re3 63. Rd2 Ra3 64. Rf2+ Kg3 65.
Rg2+ Kh3 66. Rd2 Kg3 1/2-1/2

[Event "Capablanca Classic"]
[Site "Edmonton CAN"]
[Date "2003.05.01"]
[Round "1"]
[White "Hamblin, Jim"]
[Black "Hughey, Micah"]
[Result "0-1"]
[WhiteElo "1674"]
[BlackElo "2070"]
[PlyCount "46"]
[EventDate "2003.05.01"]
[EventType "swiss"]
[EventRounds "5"]
[EventCountry "CAN"]

1. e4 e5 2. Nf3 Nc6 3. Bc4 Bc5 4. c3 Bb6 5. d4 Qe7 6. O-O d6 7. a4 a6 8. h3 Nf6
9. Re1 h6 10. b4 O-O 11. Bb2 exd4 12. cxd4 Nxb4 13. e5 Nh7 14. a5 Ba7 15. Qd2
c5 16. dxc5 dxc5 17. Nc3 Rd8 18. Qe2 Be6 19. Ne4 Bxc4 20. Qxc4 Nd3 21. Nf6+
gxf6 22. exf6 Qf8 23. Qg4+ Kh8 0-1

[Event "Capablanca Classic"]
[Site "Edmonton CAN"]
[Date "2003.05.01"]
[Round "1"]
[White "Wihnon, Jason"]
[Black "Verlik, Val"]
[Result "1-0"]
[WhiteElo "1839"]
[BlackElo "1438"]
[PlyCount "37"]
[EventDate "2003.05.01"]
[EventType "swiss"]
[EventRounds "5"]
[EventCountry "CAN"]

1. e4 e5 2. Nf3 d6 3. d4 exd4 4. Nxd4 Nf6 5. Nc3 Be7 6. Bg5 O-O 7. Qd2 Nbd7 8.
O-O-O Nc5 9. f3 Nh5 10. Bxe7 Qxe7 11. g4 Nf6 12. h4 Ncd7 13. Nf5 Qd8 14. Qg5 g6
15. Qh6 Ne8 16. Rg1 Ne5 17. h5 Nxf3 18. hxg6 fxg6 19. Bc4+ 1-0

[Event "Capablanca Classic"]
[Site "Edmonton CAN"]
[Date "2003.05.08"]
[Round "2"]
[White "Hughey, Micah"]
[Black "MacKey, John"]
[Result "1-0"]
[WhiteElo "2133"]
[BlackElo "1734"]
[PlyCount "75"]
[EventDate "2003.05.01"]
[EventType "swiss"]
[EventRounds "5"]
[EventCountry "CAN"]

1. d4 d5 2. Nf3 Nf6 3. e3 g6 4. Nbd2 Bg7 5. Bd3 O-O 6. O-O Nbd7 7. Qe2 Re8 8.
Ne5 Nf8 9. f4 N6d7 10. Ndf3 f6 11. Nxd7 Bxd7 12. Bd2 Qc8 13. c4 c6 14. Rac1 e6
15. e4 dxe4 16. Bxe4 c5 17. Be3 cxd4 18. Nxd4 f5 19. Bf3 e5 20. Bd5+ Kh8 21.
fxe5 Bxe5 22. Qf3 Rb8 23. Nb5 a6 24. Bd4 Bxd4+ 25. Nxd4 Qc5 26. Qc3 Re5 27. Kh1
Rbe8 28. Nf3 Qe3 29. Nxe5 Qxe5 30. Bxb7 Qxc3 31. Rxc3 Rb8 32. Rb3 a5 33. Bf3
Rc8 34. Rc3 Ne6 35. Rd1 Nc5 36. b3 Kg7 37. a3 Nxb3 38. Rxd7+ 1-0

[Event "Capablanca Classic"]
[Site "Edmonton CAN"]
[Date "2003.05.08"]
[Round "2"]
[White "Storoschuk, Kevin"]
[Black "Wihnon, Jason"]
[Result "0-1"]
[WhiteElo "1641"]
[BlackElo "1796"]
[PlyCount "52"]
[EventDate "2003.05.01"]
[EventType "swiss"]
[EventRounds "5"]
[EventCountry "CAN"]

1. e4 c5 2. Nf3 Nc6 3. d4 cxd4 4. Nxd4 g6 5. Be3 Bg7 6. Bc4 Nf6 7. f3 O-O 8.
Qd2 d5 9. Bxd5 Nxd5 10. exd5 Qxd5 11. c3 Be6 12. Nxe6 Qxe6 13. O-O Rfd8 14. Qc1
Rd3 15. Re1 Rad8 16. Na3 Qf5 17. Nc4 Qe6 18. Na3 Qf5 19. Nc4 Qh5 20. Nd2 Be5
21. f4 Bc7 22. Nf3 Rxe3 23. Qxe3 Bb6 24. Nd4 Nxd4 25. Kh1 Nc2 26. Qxe7 Nxa1 0-1

[Event "Capablanca Classic"]
[Site "Edmonton CAN"]
[Date "2003.05.15"]
[Round "3"]
[White "Karmali, Hafiz"]
[Black "Hughey, Micah"]
[Result "0-1"]
[WhiteElo "2012"]
[BlackElo "2133"]
[PlyCount "104"]
[EventDate "2003.05.01"]
[EventType "swiss"]
[EventRounds "5"]
[EventCountry "CAN"]

1. e4 c5 2. Nc3 e6 3. Nge2 Nf6 4. e5 Ng8 5. g3 Ne7 6. Bg2 Ng6 7. f4 Be7 8. d4
cxd4 9. Nxd4 O-O 10. Be3 f6 11. exf6 Bxf6 12. Ne4 d5 13. Nxf6+ Qxf6 14. Qe2 Nc6
15. O-O-O Bd7 16. Nxc6 bxc6 17. Bd4 Qd8 18. h4 Qa5 19. h5 Ne7 20. Bh3 c5 21.
Bxe6+ Bxe6 22. Qxe6+ Rf7 23. h6 cxd4 24. hxg7 Qb6 25. Qe5 Qf6 26. Qxf6 Rxf6 27.
Rxd4 Kxg7 28. Re1 Kf7 29. g4 Re6 30. Rh1 Kg7 31. Kd2 Rd8 32. Kd3 Nc6 33. Ra4
Rde8 34. Rh5 Re4 35. Rg5+ Kh8 36. Rxe4 dxe4+ 37. Ke3 Nb4 38. Re5 Rxe5 39. fxe5
Nxc2+ 40. Kxe4 Kg7 41. a3 Kf7 42. Kd3 Ne1+ 43. Ke2 Ng2 44. Kd3 Ke6 45. Ke4 Nh4
46. b4 Ng6 47. b5 Nxe5 48. a4 Nxg4 49. a5 Kd6 50. b6 axb6 51. axb6 Kc6 52. Kf5
h5 0-1

[Event "Capablanca Classic"]
[Site "Edmonton CAN"]
[Date "2003.05.15"]
[Round "3"]
[White "McIntosh, Danny"]
[Black "Schech, Roland"]
[Result "1-0"]
[WhiteElo "1830"]
[BlackElo "1548"]
[PlyCount "29"]
[EventDate "2003.05.01"]
[EventType "swiss"]
[EventRounds "5"]
[EventCountry "CAN"]

1. e4 e6 2. d4 d5 3. Nc3 Nf6 4. e5 Nfd7 5. f4 c5 6. Be2 cxd4 7. Qxd4 Bc5 8. Qd3
Bxg1 9. Rxg1 Nc6 10. Nb5 O-O 11. Bd2 Nc5 12. Qh3 Ne4 13. Bd3 Qb6 14. O-O-O Nf2
15. Qxh7# 1-0

[Event "Capablanca Classic"]
[Site "Edmonton CAN"]
[Date "2003.05.22"]
[Round "4"]
[White "Hughey, Micah"]
[Black "Wihnon, Jason"]
[Result "1-0"]
[WhiteElo "2133"]
[BlackElo "1796"]
[PlyCount "135"]
[EventDate "2003.05.01"]
[EventType "swiss"]
[EventRounds "5"]
[EventCountry "CAN"]

1. e4 c5 2. c3 d5 3. exd5 Qxd5 4. d4 Nf6 5. Nf3 Bg4 6. Be2 e6 7. h3 Bh5 8. O-O
Nc6 9. Be3 cxd4 10. cxd4 Be7 11. Nc3 Qd8 12. Qb3 Rb8 13. Rfd1 Nd5 14. Nxd5 Qxd5
15. Bc4 Qf5 16. Be2 Qd5 17. Qxd5 exd5 18. g4 Bg6 19. Ne5 Bc2 20. Rdc1 Ba4 21.
b3 Nxe5 22. dxe5 Bc6 23. Bxa7 Ra8 24. Be3 O-O 25. a4 Rfd8 26. Rd1 Bb4 27. Rac1
Be7 28. f4 Bb4 29. Bf3 Ba3 30. Ra1 Bb4 31. Rac1 Ba3 32. Ra1 Bb4 33. Bb6 Rd7 34.
Rd3 Ba5 35. Bc5 Bc7 36. Rad1 Rad8 37. Kf2 h6 38. Be3 g6 39. h4 b5 40. axb5 Bxb5
41. Rxd5 Rxd5 42. Rxd5 Rxd5 43. Bxd5 Bd8 44. Kg3 Be7 45. Bb6 Bb4 46. Kf3 Kf8
47. Bc7 Kg7 48. Bd6 Bd2 49. f5 gxf5 50. gxf5 Be1 51. Be7 Bc3 52. f6+ Kg6 53.
h5+ Kf5 54. Bxf7 Bxe5 55. Bg6+ Ke6 56. Bf8 Kxf6 57. Bxh6 Bc6+ 58. Be4 Be8 59.
Kg4 Bd6 60. Bd2 Bd7+ 61. Kf3 Be5 62. b4 Be8 63. h6 Bb5 64. h7 Kg7 65. Kg4 Bd7+
66. Kg5 Bd4 67. Bd3 Bb6 68. Bc3+ 1-0

[Event "Capablanca Classic"]
[Site "Edmonton CAN"]
[Date "2003.05.29"]
[Round "5"]
[White "McIntosh, Danny"]
[Black "Hughey, Micah"]
[Result "0-1"]
[WhiteElo "1830"]
[BlackElo "2117"]
[PlyCount "32"]
[EventDate "2003.05.01"]
[EventType "swiss"]
[EventRounds "5"]
[EventCountry "CAN"]

1. e4 e5 2. f4 d5 3. exd5 exf4 4. Nf3 Nf6 5. Bb5+ c6 6. dxc6 Nxc6 7. O-O Qb6+
8. d4 Qxb5 9. Nc3 Qb6 10. Bxf4 Be7 11. Re1 O-O 12. Kh1 Rd8 13. d5 Be6 14. d6
Qb4 15. Qd2 Bxd6 16. Bg5 Bg3 0-1

[Event "Carnaval 2003"]
[Site "Quebec CAN"]
[Date "2003.02.14"]
[Round "1"]
[White "Arsenault, Nicolas"]
[Black "Auger, Bertrand"]
[Result "1/2-1/2"]
[WhiteElo "1967"]
[BlackElo "2104"]
[PlyCount "133"]
[EventDate "2003.02.14"]
[EventType "swiss"]
[EventRounds "5"]
[EventCountry "CAN"]

1. e4 e6 2. d4 d5 3. Nc3 Bb4 4. exd5 exd5 5. Bd3 Nf6 6. Nge2 O-O 7. O-O c6 8.
h3 Re8 9. Bf4 Nbd7 10. a3 Be7 11. Ng3 Nf8 12. Nce2 Bd6 13. c3 Ne4 14. Bxd6 Qxd6
15. Qc2 f5 16. Rfe1 Bd7 17. Nf1 g6 18. f3 Nf6 19. f4 Re7 20. Nh2 Nh5 21. Qd2
Rae8 22. Nf3 Nf6 23. Ne5 Ne4 24. Bxe4 fxe4 25. g4 Qf6 26. Qe3 Ne6 27. Rf1 Qh4
28. Qg3 Qh6 29. b4 Rf8 30. Kg2 Ng7 31. a4 Ne8 32. a5 a6 33. Nc1 Nd6 34. Nb3 Nf7
35. Nc5 Bc8 36. Ra2 Qg7 37. Nxf7 Rexf7 38. Raf2 Rf6 39. Na4 Qc7 40. Nb2 b6 41.
axb6 Qxb6 42. Kh2 a5 43. bxa5 Qxa5 44. f5 Ba6 45. Rg1 Qd8 46. Rfg2 g5 47. Nd1
R6f7 48. Qe5 Qc7 49. Ra2 Bc4 50. Rb2 Re7 51. Qxc7 Rxc7 52. Ne3 Bd3 53. Ra1 Rcc8
54. Kg3 h6 55. Ra7 Rb8 56. Rbb7 Rxb7 57. Rxb7 Ra8 58. Rc7 Bb5 59. f6 Rf8 60.
Nf5 Rxf6 61. Rg7+ Kf8 62. Rh7 Bd3 63. Rh8+ Kf7 64. Rh7+ Ke8 65. Rh8+ Kf7 66.
Rh7+ Ke8 67. Rh8+ 1/2-1/2

[Event "Carnaval 2003"]
[Site "Quebec CAN"]
[Date "2003.02.14"]
[Round "1"]
[White "Desmarais, Emmanuel"]
[Black "Berube, Antoine"]
[Result "1-0"]
[WhiteElo "1975"]
[BlackElo "1682"]
[PlyCount "57"]
[EventDate "2003.02.14"]
[EventType "swiss"]
[EventRounds "5"]
[EventCountry "CAN"]

1. e4 g6 2. d4 Bg7 3. Nc3 d6 4. Be3 Nf6 5. f3 c6 6. a4 Qc7 7. Bc4 Nbd7 8. Nge2
e5 9. Qd2 Nb6 10. Bb3 O-O 11. O-O Re8 12. Rad1 Be6 13. a5 Nc4 14. Bxc4 Bxc4 15.
b3 Bxe2 16. Nxe2 exd4 17. Bxd4 d5 18. Qc3 Qe7 19. Ng3 dxe4 20. fxe4 Nh5 21.
Nxh5 Bxd4+ 22. Rxd4 gxh5 23. Rd3 h4 24. Rf4 Qg5 25. Rdf3 Re7 26. h3 h5 27. Rf5
Qg6 28. Qc5 Rxe4 29. Rg5 1-0

[Event "Carnaval 2003"]
[Site "Quebec CAN"]
[Date "2003.02.14"]
[Round "1"]
[White "Fortier, Marc-Andre"]
[Black "Paradis, Sylvain"]
[Result "0-1"]
[WhiteElo "2271"]
[BlackElo "2063"]
[PlyCount "76"]
[EventDate "2003.02.14"]
[EventType "swiss"]
[EventRounds "5"]
[EventCountry "CAN"]

1. e4 c5 2. Nc3 Nc6 3. g3 Nf6 4. Bg2 e6 5. d3 d5 6. f4 d4 7. Nb1 e5 8. f5 g6 9.
g4 gxf5 10. gxf5 Rg8 11. Bf3 Ng4 12. h4 h5 13. Bg5 f6 14. Bc1 Qb6 15. Na3 Qb4+
16. Bd2 Qxb2 17. Nc4 Qb5 18. a4 Qa6 19. Ne2 Bd7 20. Ng3 O-O-O 21. Nxh5 Nh2 22.
Be2 Rg2 23. Bf1 Rxd2 24. Nxd2 Nxf1 25. Kxf1 Nb4 26. a5 Bb5 27. Rh3 Bh6 28. Nb3
Rg8 29. Rb1 Qc6 30. Nxc5 Qxc5 31. Nxf6 Rf8 32. Ng4 Bf4 33. h5 Ba4 34. Rxb4 Qxb4
35. h6 Rh8 36. Ke2 Qxa5 37. h7 Qc7 38. Nf6 Qg7 0-1

[Event "Carnaval 2003"]
[Site "Quebec CAN"]
[Date "2003.02.14"]
[Round "1"]
[White "Gauthier, Denis"]
[Black "Bannon, Eric"]
[Result "0-1"]
[WhiteElo "2031"]
[BlackElo "2158"]
[PlyCount "102"]
[EventDate "2003.02.14"]
[EventType "swiss"]
[EventRounds "5"]
[EventCountry "CAN"]

1. d4 Nf6 2. c4 c5 3. d5 b5 4. cxb5 a6 5. b6 Qxb6 6. Nc3 g6 7. e4 d6 8. Nf3 Bg7
9. Nd2 Nbd7 10. Nc4 Qc7 11. a4 Nb6 12. a5 Nxc4 13. Bxc4 O-O 14. h3 Nd7 15. f4
f5 16. e5 Kh8 17. e6 Nf6 18. O-O Bb7 19. Qd3 Ra7 20. Ra2 Qb8 21. b3 Qa8 22. Bb2
Qd8 23. Kh2 Kg8 24. Qe3 Qa8 25. Rd1 h6 26. Qd3 Nh5 27. Rf1 Bd4 28. Rf3 Nf6 29.
g4 Bxc3 30. Bxc3 Bxd5 31. Rg3 Be4 32. Qd2 fxg4 33. hxg4 d5 34. f5 g5 35. Be2 d4
36. Bb2 Qb8 37. Ba3 Rc8 38. Ra1 Bxf5 39. Bf3 Bxg4 40. Qd3 Kg7 41. Rf1 Bxe6 42.
Kg2 Qxb3 43. Qd2 Qxa3 44. Rxg5+ hxg5 45. Qxg5+ Kf7 46. Bh5+ Kf8 47. Qh6+ Kg8
48. Qg6+ Kh8 49. Qh6+ Nh7 50. Bg6 Bd5+ 51. Kh2 Qb2+ 0-1

[Event "Carnaval 2003"]
[Site "Quebec CAN"]
[Date "2003.02.14"]
[Round "1"]
[White "Masse, Hugues"]
[Black "Pageau, Roger"]
[Result "1-0"]
[WhiteElo "2171"]
[BlackElo "2048"]
[PlyCount "76"]
[EventDate "2003.02.14"]
[EventType "swiss"]
[EventRounds "5"]
[EventCountry "CAN"]

1. e4 d6 2. d4 g6 3. c4 Bg7 4. Nc3 Nf6 5. f3 c6 6. Be3 Nbd7 7. Qd2 h6 8. Nge2
Qc7 9. Nc1 e5 10. Be2 b6 11. O-O a6 12. d5 c5 13. Nd3 g5 14. Rab1 Nf8 15. b4
N6d7 16. a4 Ng6 17. g3 Rh7 18. Qa2 Kf8 19. a5 cxb4 20. axb6 Nxb6 21. Rxb4 Nd7
22. c5 dxc5 23. Nxc5 Nxc5 24. Rc4 Kg8 25. Rxc5 Qd8 26. Ra5 Bf8 27. Rb1 h5 28.
Bb6 Qf6 29. Kg2 g4 30. fxg4 hxg4 31. Qd2 Bh6 32. Qd3 Bf4 33. Rh1 Qg5 34. Nd1
Qh6 35. Kg1 Qh3 36. Nf2 Qh6 37. gxf4 exf4 38. Bd4 Qh4 1-0

[Event "Carnaval 2003"]
[Site "Quebec CAN"]
[Date "2003.02.14"]
[Round "1"]
[White "Morin, Louis"]
[Black "Richard, Christian"]
[Result "1-0"]
[WhiteElo "1930"]
[BlackElo "1673"]
[PlyCount "57"]
[EventDate "2003.02.14"]
[EventType "swiss"]
[EventRounds "5"]
[EventCountry "CAN"]

1. e4 d5 2. exd5 Nf6 3. c4 e6 4. d4 exd5 5. Nc3 Bb4 6. Bd3 O-O 7. Nge2 dxc4 8.
Bxc4 c6 9. O-O Bf5 10. Bg5 Nbd7 11. Re1 h6 12. Bh4 Nb6 13. Bd3 Bxd3 14. Qxd3
Be7 15. Ng3 g5 16. Nf5 gxh4 17. Rxe7 Nbd5 18. Nxd5 Nxd5 19. Nxh6+ Kg7 20. Nf5+
Kf6 21. Re5 Re8 22. Rae1 Rxe5 23. dxe5+ Ke6 24. Nd4+ Ke7 25. Qf5 Qg8 26. Re4
Qg6 27. Qxg6 fxg6 28. Rxh4 Rd8 29. Rh7+ 1-0

[Event "Carnaval 2003"]
[Site "Quebec CAN"]
[Date "2003.02.14"]
[Round "1"]
[White "Ouimet, Bernard"]
[Black "Laframboise, Marc-Andre"]
[Result "0-1"]
[WhiteElo "2008"]
[BlackElo "2127"]
[PlyCount "58"]
[EventDate "2003.02.14"]
[EventType "swiss"]
[EventRounds "5"]
[EventCountry "CAN"]

1. e4 c5 2. Nf3 d6 3. d4 cxd4 4. Nxd4 Nf6 5. Nc3 a6 6. Bc4 e6 7. Bb3 Qc7 8. Be3
Nc6 9. Qe2 Be7 10. O-O-O O-O 11. g4 Nxd4 12. Rxd4 Nd7 13. g5 b5 14. Qh5 Rd8 15.
Rhd1 g6 16. Qe2 Nc5 17. h4 Bf8 18. R4d2 Bb7 19. f3 Qa5 20. Bxc5 dxc5 21. Rxd8
Rxd8 22. Rxd8 Qxd8 23. a3 c4 24. Ba2 Qd4 25. Qd2 Bc5 26. Qxd4 Bxd4 27. Ne2 Bf2
28. b3 cxb3 29. cxb3 Bxh4 0-1

[Event "Carnaval 2003"]
[Site "Quebec CAN"]
[Date "2003.02.14"]
[Round "1"]
[White "Saint Amand, Paul"]
[Black "Sauve, Richard"]
[Result "1/2-1/2"]
[WhiteElo "2118"]
[BlackElo "2008"]
[PlyCount "99"]
[EventDate "2003.02.14"]
[EventType "swiss"]
[EventRounds "5"]
[EventCountry "CAN"]

1. d4 e6 2. Nf3 d5 3. e3 Nf6 4. Bd3 Nbd7 5. Nbd2 Bd6 6. O-O O-O 7. Re1 c5 8. c3
b6 9. e4 dxe4 10. Nxe4 Nxe4 11. Bxe4 Rb8 12. Bg5 Qc7 13. Qe2 Bb7 14. Rad1 Bxe4
15. Qxe4 h6 16. Bc1 Rfd8 17. h3 Rbc8 18. dxc5 Nxc5 19. Qg4 Kh8 20. Rd2 Bf8 21.
Red1 Rxd2 22. Rxd2 Rd8 23. Rxd8 Qxd8 24. Ne5 Qe8 25. Qf3 Kg8 26. Be3 f6 27.
Bxc5 Bxc5 28. Qc6 Qxc6 29. Nxc6 a6 30. Nb8 a5 31. Nd7 Kf7 32. Kf1 Ke7 33. Nxc5
bxc5 34. Ke2 Kd6 35. Kd3 Kd5 36. b3 e5 37. f3 f5 38. g3 h5 39. Ke3 Kc6 40. a3
Kd5 41. g4 g6 42. gxf5 gxf5 43. h4 Kc6 44. Kd2 Kd6 45. Ke1 Kd5 46. Kd2 Kd6 47.
Ke2 Kc6 48. Kf2 Kd5 49. Ke3 Kc6 50. Kd2 1/2-1/2

[Event "Carnaval 2003"]
[Site "Quebec CAN"]
[Date "2003.02.15"]
[Round "2"]
[White "Beaulieu, Eric"]
[Black "Chabot, Roland"]
[Result "0-1"]
[WhiteElo "2177"]
[BlackElo "2129"]
[PlyCount "76"]
[EventDate "2003.02.14"]
[EventType "swiss"]
[EventRounds "5"]
[EventCountry "CAN"]

1. e4 c5 2. Nf3 e6 3. d4 cxd4 4. Nxd4 Nf6 5. Nc3 d6 6. Be3 a6 7. f3 Nc6 8. Nb3
Nd7 9. Qd2 Be7 10. O-O-O b5 11. Qf2 O-O 12. Kb1 Nce5 13. g4 Qc7 14. a3 Rb8 15.
g5 Nb6 16. h4 Nec4 17. Bxc4 Nxc4 18. Bd4 Bb7 19. Ne2 Rfc8 20. Ng3 Bf8 21. h5 e5
22. Ba7 Ra8 23. g6 d5 24. gxf7+ Kxf7 25. Be3 Bxa3 26. Bc1 Bf8 27. exd5 a5 28.
Ne4 a4 29. Ng5+ Kg8 30. Ne6 Qd6 31. Nd2 Qb4 32. Nxc4 bxc4 33. Nxf8 Rxf8 34. Qg3
Rac8 35. Rhg1 Rf7 36. Bh6 a3 37. Bc1 axb2 38. Bh6 Ra8 0-1

[Event "Carnaval 2003"]
[Site "Quebec CAN"]
[Date "2003.02.15"]
[Round "2"]
[White "Cazelais, Marc"]
[Black "Saint Amand, Paul"]
[Result "1/2-1/2"]
[WhiteElo "2078"]
[BlackElo "2118"]
[PlyCount "40"]
[EventDate "2003.02.14"]
[EventType "swiss"]
[EventRounds "5"]
[EventCountry "CAN"]

1. e4 c5 2. Nf3 d6 3. Bb5+ Bd7 4. Bxd7+ Nxd7 5. O-O Ngf6 6. d3 e6 7. Re1 Be7 8.
c3 O-O 9. d4 cxd4 10. cxd4 d5 11. exd5 Nxd5 12. Nc3 N7f6 13. Bg5 h6 14. Bxf6
Nxf6 15. Qb3 Rb8 16. Rad1 Qd6 17. d5 exd5 18. Nxd5 Nxd5 19. Rxd5 Qb4 20. Qxb4
Bxb4 1/2-1/2